Campeões da NBA - Statistics

Estatísticas Gerais
  • Esse quiz foi jogado 373 vezes
  • A pontuação média é 65 de 75
Estatísticas das Respostas
Hint Resposta % Correto
1956-57 Boston Celtics
98%
1958-59 Boston Celtics
98%
1959-60 Boston Celtics
98%
1960-61 Boston Celtics
98%
1961-62 Boston Celtics
98%
1962-63 Boston Celtics
98%
1963-64 Boston Celtics
98%
1964-65 Boston Celtics
98%
1965-66 Boston Celtics
98%
1967-68 Boston Celtics
98%
1968-69 Boston Celtics
98%
1973-74 Boston Celtics
98%
1975-76 Boston Celtics
98%
1980-81 Boston Celtics
98%
1983-84 Boston Celtics
98%
1985-86 Boston Celtics
98%
2007-08 Boston Celtics
98%
1948-49 Los Angeles Lakers
96%
1949-50 Los Angeles Lakers
96%
1951-52 Los Angeles Lakers
96%
1952-53 Los Angeles Lakers
96%
1953-54 Los Angeles Lakers
96%
1971-72 Los Angeles Lakers
96%
1979-80 Los Angeles Lakers
96%
1981-82 Los Angeles Lakers
96%
1984-85 Los Angeles Lakers
96%
1986-87 Los Angeles Lakers
96%
1987-88 Los Angeles Lakers
96%
2000-00 Los Angeles Lakers
96%
2000-01 Los Angeles Lakers
96%
2001-02 Los Angeles Lakers
96%
2008-09 Los Angeles Lakers
96%
2009-10 Los Angeles Lakers
96%
2019-20 Los Angeles Lakers
96%
1946-47 Golden State Warriors
93%
1955-56 Golden State Warriors
93%
1974-75 Golden State Warriors
93%
2014-15 Golden State Warriors
93%
2016-17 Golden State Warriors
93%
2017-18 Golden State Warriors
93%
1990-91 Chicago Bulls
92%
1991-92 Chicago Bulls
92%
1992-93 Chicago Bulls
92%
1995-96 Chicago Bulls
92%
1996-97 Chicago Bulls
92%
1997-98 Chicago Bulls
92%
2005-06 Miami Heat
91%
2011-12 Miami Heat
91%
2012-13 Miami Heat
91%
2018-19 Toronto Raptors
85%
2015-16 Cleveland Cavaliers
84%
1998-99 San Antonio Spurs
84%
2002-03 San Antonio Spurs
84%
2004-05 San Antonio Spurs
84%
2006-07 San Antonio Spurs
84%
2013-14 San Antonio Spurs
84%
1970-71 Milwaukee Bucks
81%
2020-21 Milwaukee Bucks
81%
2010-11 Dallas Mavericks
80%
1988-89 Detroit Pistons
79%
1989-90 Detroit Pistons
79%
2003-04 Detroit Pistons
79%
1993-94 Houston Rockets
74%
1994-95 Houston Rockets
74%
1966-67 Philadelphia 76ers
70%
1982-83 Philadelphia 76ers
70%
1969-70 New York Knicks
66%
1972-73 New York Knicks
66%
1957-58 Atlanta Hawks
52%
1950-51 Sacramento Kings
46%
1954-55 Sacramento Kings
46%
1978-79 Oklahoma City Thunder
43%
1976-77 Portland Trail Blazers
43%
1977-78 Washington Wizards
41%
1947-48 Baltimore Bullets
20%
Nenhum quiz correspondente encontrado
Distribuição das Pontuações
Porcentagem de Pessoas com Cada Pontuação
Percentil de Números Respondidos
Sua Pontuação Histórica
Você não jogou esse quiz